| 000 | 00447cam a2200193ua 4500 | ||
|---|---|---|---|
| 020 | _c6.50 | ||
| 041 |
_aeng _h |
||
| 082 |
_a530 _bMAD/PO |
||
| 100 | _aMadhu, . | ||
| 245 |
_aPolytechnic general science / _cMadhu. _hTextual Documents |
||
| 260 |
_aTrichur : _bT D Warriers , _c1965. |
||
| 300 | _a127 ; . | ||
| 365 | _a6.50 | ||
| 504 | _a | ||
| 700 | 1 | _aMoideen, . | |
| 942 | _cBK | ||
| 999 |
_c2463 _d2463 |
||